[Event "12th American Continental"]
[Site "Medellin COL"]
[Date "2017.06.11"]
[Round "2.37"]
[White "Saladen,R"]
[Black "Vazquez,Guillermo"]
[Result "0-1"]
[WhiteElo "2155"]
[BlackElo "2443"]

1.d4 Nf6 2.Nf3 e6 3.c4 Bb4+ 4.Bd2 a5 5.Nc3 b6 6.e3 O-O 7.Bd3 Bb7 8.Qc2 d5
9.O-O Nbd7 10.a3 Bxc3 11.Bxc3 Qe7 12.b3 Ne4 13.Bb2 c5 14.Nd2 Nxd2 15.Qxd2 cxd4
16.exd4 a4 17.Rac1 axb3 18.c5 bxc5 19.dxc5 Rfc8 20.Qb4 Rab8 21.Bb5 Bc6 22.a4
e5 23.Qxb3 d4 24.Ba3 Qg5 25.Qh3 Qg6 26.Rfd1 h6 27.f4 Rd8 28.Rd3 exf4 29.Rxd4
Ne5 30.Rd6 Qe4 31.Bxc6 Nxc6 32.Rcd1 Rxd6 33.cxd6 Rb1 34.Bc1 Qc2 {#R} 0-1

[Event "10th Mayors Cup Open 2017"]
[Site "Mumbai IND"]
[Date "2017.06.08"]
[Round "7.26"]
[White "Krishna Teja,N"]
[Black "Chitlange,Sakshi"]
[Result "1-0"]
[WhiteElo "2406"]
[BlackElo "2090"]

1.d4 Nf6 2.c4 e6 3.Nf3 Bb4+ 4.Bd2 Qe7 5.g3 Nc6 6.Nc3 O-O 7.Bg2 Bxc3 8.Bxc3 Ne4
9.Rc1 d6 10.d5 Nxc3 11.Rxc3 Nb8 12.dxe6 fxe6 13.O-O Nc6 14.Nd4 Bd7 15.Nc2 a5
16.Rb3 Rab8 17.Nd4 Nxd4 18.Qxd4 b6 19.Rc3 Qf6 20.Qd2 Qe5 21.b3 Qc5 22.Qe3 Qxe3
23.Rxe3 Kf7 24.a3 b5 25.c5 dxc5 26.Rc1 Ke7 27.Rxc5 Kd6 28.b4 axb4 29.axb4 c6
30.f4 Kc7 31.Ra3 Kb6 32.Be4 h6 33.Rd3 Rb7 34.Kf2 Ra7 35.Ke3 Rb8 36.Rcc3 Kc7
37.Bf3 Ra4 38.Rd4 Rb6 39.Ke4 Rba6 40.Rcd3 Bc8 41.Ke5 Ra3 42.Bg4 Rxd3 43.Rxd3
Ra2 44.e4 Rb2 45.Rd4 Rxh2 46.Bxe6 Rh5+ 47.f5 Rg5 48.Bxc8 Kxc8 49.Rd3 g6 50.Ke6
Rg4 51.Re3 gxf5 52.exf5 Rg8 53.Kf7 Rd8 54.f6 Kc7 55.Kg7 {#r} 1-0

[Event "10th Mayors Cup Open 2017"]
[Site "Mumbai IND"]
[Date "2017.06.09"]
[Round "8.31"]
[White "Shubham,L"]
[Black "Mahalakshmi,M"]
[Result "1-0"]
[WhiteElo "2001"]
[BlackElo "2180"]

1.d4 Nf6 2.c4 e6 3.g3 d5 4.Bg2 Bb4+ 5.Bd2 Be7 6.Nf3 O-O 7.O-O c6 8.b3 Nbd7
9.Bc3 b5 10.Nbd2 a5 11.a3 bxc4 12.bxc4 Ba6 13.c5 a4 14.Re1 Bb5 15.Qc2 Qc7
16.Bf1 e5 17.dxe5 Ng4 18.e6 Bxc5 19.e3 Bxf1 20.Nxf1 fxe6 21.Ng5 g6 22.Nxe6 Qa7
23.Nxf8 Rxf8 24.Re2 Nde5 25.Ra2 Nf3+ 26.Kg2 Qd7 27.h3 Nh6 28.Qxa4 Ng5 29.Qh4
Qf5 30.Qxh6 Qe4+ 31.f3 Qxf3+ 32.Kh2 Ne6 33.Rf2 Qxf2+ 34.Rxf2 Rxf2+ 35.Kg1 Rf5
36.Qh4 Ng5 37.Qa4 Ne4 38.Qa8+ Kf7 39.Qb7+ Ke6 40.Qxc6+ Ke7 41.g4 Rg5 42.Bf6+
Nxf6 43.Qxc5+ Ke6 44.Qc6+ Ke7 45.a4 h5 46.Nh2 hxg4 47.hxg4 Nxg4 48.Qc7+ Ke6
49.Qc8+ {#r} 1-0

[Event "44th OKU 2017"]
[Site "Utrecht NED"]
[Date "2017.06.09"]
[Round "1.6"]
[White "Van der Kooij,P"]
[Black "Peng Zhaoqin"]
[Result "0-1"]
[WhiteElo "2061"]
[BlackElo "2386"]

1.d4 e6 2.Nf3 Nf6 3.c4 Bb4+ 4.Nbd2 d6 5.a3 Bxd2+ 6.Bxd2 b6 7.e3 Bb7 8.Be2 O-O
9.O-O Nbd7 10.Bc3 Ne4 11.Rc1 c5 12.b3 Qe7 13.Bb2 f5 14.Rc2 Rad8 15.Ne1 d5
16.f3 Nd6 17.f4 dxc4 18.bxc4 Nf6 19.Qc1 Be4 20.Bd3 Qb7 21.Bxe4 Nfxe4 22.Nf3
Rc8 23.Rd1 Qe7 24.d5 h6 25.Be5 Kh7 26.Rd3 Rcd8 27.Qd1 exd5 28.Rxd5 Nxc4
29.Rxc4 Rxd5 30.Qxd5 Rd8 31.Bd6 Nxd6 32.Rc3 Ne4 {#R} 0-1

[Event "44th OKU 2017"]
[Site "Utrecht NED"]
[Date "2017.06.10"]
[Round "3.4"]
[White "Donker,Roel"]
[Black "Peng Zhaoqin"]
[Result "0-1"]
[WhiteElo "2211"]
[BlackElo "2386"]

1.d4 Nf6 2.Nf3 e6 3.c4 Bb4+ 4.Bd2 a5 5.Nc3 O-O 6.Qc2 d5 7.e3 b6 8.cxd5 exd5
9.Ne5 c5 10.Bb5 Ba6 11.Bxa6 Nxa6 12.a3 Bxc3 13.Bxc3 Qc7 14.dxc5 bxc5 15.Qf5
Rad8 16.O-O d4 17.exd4 cxd4 18.Bd2 Rd5 19.Rfe1 Re8 20.Bf4 Nc5 21.Ng4 Rxe1+
22.Rxe1 Rxf5 23.Nxf6+ gxf6 24.Bxc7 Nb3 25.g4 Rd5 26.Bf4 Kg7 27.Kg2 a4 28.Kf3
Rd8 29.h4 h6 30.h5 Rd5 31.Ke4 Rd7 32.Kd3 Nc5+ 33.Kc4 Ne6 34.Bd2 Rc7+ 35.Kb4
Rc2 36.Rd1 Rxb2+ 37.Kc4 Rc2+ 38.Kb4 Rb2+ 39.Kc4 Ra2 40.Kb4 Rb2+ 41.Kc4 Rb3
42.f4 Rxa3 43.f5 Ng5 44.Bxg5 fxg5 45.Rxd4 Rf3 46.Kd5 Rf4 47.Rd1 Rxg4 48.Ke5
Rf4 49.Rd6 Kf8 50.Rxh6 Kg7 51.Ra6 Rb4 52.h6+ Kh7 53.Kf6 g4 54.Kxf7 g3 55.Rg6
Rb3 {#R} 0-1

[Event "12th Teplice Open 2017"]
[Site "Teplice CZE"]
[Date "2017.06.10"]
[Round "1.7"]
[White "Stastny,Pe"]
[Black "Stocek,J"]
[Result "0-1"]
[WhiteElo "2044"]
[BlackElo "2585"]

1.d4 Nf6 2.c4 e6 3.Nf3 Bb4+ 4.Bd2 a5 5.e3 d6 6.a3 Bxd2+ 7.Nbxd2 Qe7 8.Bd3 e5
9.dxe5 dxe5 10.Qc2 Nbd7 11.O-O a4 12.Ne4 Nxe4 13.Bxe4 g6 14.Qc3 O-O 15.Qb4 Nc5
16.Rad1 Re8 17.Bc2 Bg4 18.Rd5 Bxf3 19.gxf3 b6 20.Qc3 Qg5+ 21.Kh1 Qh5 22.Bd1
Rad8 23.Qd2 Qh4 24.Rg1 c6 25.Rxd8 Rxd8 26.Qc2 Nb3 27.Rg4 Qh3 28.Kg1 Nd2 {#R}
0-1

[Event "9th Capo d'Orso Open 2017"]
[Site "Porto Mannu Palau ITA"]
[Date "2017.06.06"]
[Round "5.3"]
[White "Bischoff,K"]
[Black "Santeramo,Alessia"]
[Result "1-0"]
[WhiteElo "2504"]
[BlackElo "2043"]

1.d4 Nf6 2.c4 e6 3.Nf3 Bb4+ 4.Bd2 Qe7 5.g3 Bxd2+ 6.Qxd2 Nc6 7.Nc3 d5 8.cxd5
exd5 9.Bg2 O-O 10.O-O Bg4 11.Qf4 Bxf3 12.Bxf3 Rad8 13.e3 Nb8 14.Rab1 a5 15.a3
Na6 16.Be2 Rd6 17.Rfc1 c6 18.Bxa6 bxa6 19.Qf5 Rb8 20.Qd3 h5 21.b4 axb4 22.Rxb4
Rxb4 23.axb4 Ng4 24.h3 Nh6 25.Ne2 Rf6 26.Nf4 g6 27.Qxa6 Qxb4 28.Nxd5 {#r} 1-0

[Event "CHN Team Men 2017"]
[Site "Beijing CHN"]
[Date "2017.06.06"]
[Round "1.5"]
[White "Zuo,Yifan"]
[Black "Liang Jinrong"]
[Result "0-1"]
[WhiteElo "2139"]
[BlackElo "2455"]
[EventType "team"]

1.d4 Nf6 2.Nf3 e6 3.c4 Bb4+ 4.Bd2 c5 5.g3 b6 6.Bg2 Bb7 7.O-O Bxd2 8.Qxd2 cxd4
9.Qxd4 Nc6 10.Qf4 d5 11.Nc3 O-O 12.Rfd1 Ne7 13.e4 Qb8 14.Qxb8 Raxb8 15.cxd5
exd5 16.e5 Ne4 17.Nxe4 dxe4 18.Ng5 Ng6 19.Bxe4 Bxe4 20.Nxe4 Nxe5 21.f4 Ng4
22.h3 Nf6 23.Nxf6+ gxf6 24.Rd7 Rbc8 25.Rad1 Rc2 26.R1d2 Rxd2 27.Rxd2 Rc8
28.Kf2 Kf8 29.Kf3 f5 30.g4 fxg4+ 31.hxg4 Rc1 32.b3 Rc7 33.Ke4 h6 34.Rd3 Ke7
35.a3 Rc6 36.Re3 Re6+ 37.Kf3 Rxe3+ 38.Kxe3 Ke6 39.b4 b5 40.Kd4 f5 41.g5 hxg5
42.fxg5 Kf7 43.Ke3 Kg6 {#R} 0-1

[Event "CHN Team Men 2017"]
[Site "Beijing CHN"]
[Date "2017.06.08"]
[Round "3.5"]
[White "Yu,Kaifeng"]
[Black "Dai,Changren"]
[Result "1-0"]
[WhiteElo "2270"]
[BlackElo "2423"]
[EventType "team"]

1.d4 Nf6 2.c4 e6 3.Nf3 Bb4+ 4.Bd2 Bxd2+ 5.Qxd2 b6 6.Nc3 Bb7 7.e3 O-O 8.Bd3 d6
9.e4 Nbd7 10.O-O e5 11.Rad1 Re8 12.Rfe1 Nf8 13.Bc2 Ng6 14.Ba4 Rf8 15.dxe5 dxe5
16.Qe3 Qe7 17.Nd5 Nxd5 18.exd5 Qb4 19.b3 f6 20.Bd7 Bc8 21.Bxc8 Raxc8 22.h4
Rce8 23.h5 Nf4 24.h6 g5 25.Nd2 Qe7 26.Ne4 Rd8 27.Ng3 Qd7 28.Qe4 Qg4 29.Nf5 Kh8
30.g3 Nh3+ 31.Kf1 Qh5 32.Ng7 Qxh6 33.Ne6 Qh5 34.Nxd8 Rxd8 35.Qf5 Rg8 36.Qxf6+
Rg7 37.Qxe5 Qf3 38.Qe3 Qh1+ 39.Ke2 Qg2 40.d6 cxd6 41.Rxd6 Rf7 42.Qe5+ Kg8
43.Rd8+ Rf8 44.Qd5+ Qxd5 45.Rxf8+ {#r} 1-0

[Event "CHN Team Men 2017"]
[Site "Beijing CHN"]
[Date "2017.06.09"]
[Round "4.5"]
[White "Li,Di"]
[Black "Yu,Kaifeng"]
[Result "0-1"]
[WhiteElo "2474"]
[BlackElo "2270"]
[EventType "team"]

1.d4 Nf6 2.c4 e6 3.Nf3 d5 4.g3 Bb4+ 5.Bd2 Be7 6.Bg2 O-O 7.O-O c6 8.Qc2 b6
9.Rd1 Bb7 10.Ne5 Nbd7 11.cxd5 cxd5 12.Nc6 Bxc6 13.Qxc6 Qc8 14.Qxc8 Rfxc8
15.Nc3 a6 16.a4 Kf8 17.e3 Bd6 18.Bf1 Bb4 19.Rac1 Ne8 20.Rc2 Nd6 21.Rdc1 a5
22.Bd3 f5 23.Be1 Ke7 24.h4 Nf6 25.Be2 Kd8 26.Kf1 h6 27.h5 Ra7 28.Na2 Rxc2
29.Rxc2 Bxe1 30.Kxe1 Rc7 31.Rxc7 Kxc7 32.Nc1 Ng4 33.Nd3 Ne8 34.Nf4 Kd6 35.Ba6
Ngf6 36.Bd3 Nc7 37.Kf1 Ne4 38.Kg2 Nd2 39.g4 fxg4 40.Kg3 Nc4 41.b3 Nd2 42.Bc2
Ne8 43.Kxg4 Nf6+ 44.Kg3 e5 45.dxe5+ Kxe5 46.f3 Nf1+ 47.Kf2 Nxe3 48.Kxe3 d4+
49.Kd3 Kxf4 50.Kxd4 Nxh5 51.Bg6 Ng3 52.Kc4 h5 {#R} 0-1

[Event "CHN Team Women 2017"]
[Site "Beijing CHN"]
[Date "2017.06.06"]
[Round "1.3"]
[White "Wang Doudou"]
[Black "Shen Yang"]
[Result "0-1"]
[WhiteElo "2189"]
[BlackElo "2474"]
[EventType "team"]

1.d4 Nf6 2.c4 e6 3.Nf3 Bb4+ 4.Nbd2 a5 5.a3 Bxd2+ 6.Qxd2 b6 7.e3 Bb7 8.Be2 O-O
9.b3 d6 10.O-O Nbd7 11.Bb2 Ne4 12.Qc2 f5 13.b4 Qe7 14.Rfc1 Ng5 15.Qd1 f4
16.Rc3 Ne4 17.Rd3 d5 18.Qb3 dxc4 19.Qxc4 Ba6 20.b5 Nd6 21.Qb3 Bxb5 22.Rd2 a4
23.Qc2 fxe3 24.fxe3 Bxe2 25.Rxe2 c5 26.Rd1 h6 27.Red2 c4 28.Bc3 Nf6 29.Bb4 Nd5
30.Re2 Nxb4 31.axb4 b5 32.Ne5 Qb7 33.e4 a3 34.Ng6 Rfd8 35.d5 exd5 36.exd5 Re8
37.Rf1 Qa7+ 38.Kh1 a2 39.Rxe8+ Rxe8 40.Qb2 Qf7 {#R} 0-1

[Event "CHN Team Women 2017"]
[Site "Beijing CHN"]
[Date "2017.06.08"]
[Round "3.4"]
[White "Li Xueyi"]
[Black "Zhu,Jiner"]
[Result "0-1"]
[WhiteElo "2146"]
[BlackElo "2176"]
[EventType "team"]

1.d4 Nf6 2.c4 e6 3.g3 d5 4.Bg2 Bb4+ 5.Bd2 Be7 6.Nf3 O-O 7.O-O c6 8.Qc2 b6
9.Ne5 Bb7 10.Rd1 Nbd7 11.Bf4 Nxe5 12.dxe5 Nh5 13.Bc1 f5 14.Bf3 Qe8 15.cxd5
exd5 16.Nc3 g5 17.Bg2 f4 18.gxf4 Nxf4 19.Bxf4 gxf4 20.Bf3 Kh8 21.Kf1 Bh4 22.b4
Qxe5 23.b5 Rg8 24.Qd3 Rg7 25.bxc6 Rag8 26.e4 fxe3 27.Ke2 Bxc6 {#R} 0-1

[Event "CHN Team Women 2017"]
[Site "Beijing CHN"]
[Date "2017.06.12"]
[Round "7.1"]
[White "Wang Doudou"]
[Black "Zhao Xue"]
[Result "0-1"]
[WhiteElo "2189"]
[BlackElo "2490"]
[EventType "team"]

1.d4 Nf6 2.c4 e6 3.Nf3 Bb4+ 4.Bd2 a5 5.g3 d6 6.Bg2 Nbd7 7.O-O e5 8.Nc3 O-O
9.a3 Bxc3 10.Bxc3 e4 11.Nd2 Re8 12.e3 d5 13.cxd5 Nb6 14.Qc2 Bf5 15.b3 Qxd5
16.Bb2 Qe6 17.Rfc1 Nbd5 18.Nc4 h5 19.Qd2 a4 20.bxa4 h4 21.a5 Bh3 22.Ne5 Qf5
23.Qe2 Rxa5 24.Bh1 Ng4 25.Qc2 Ngf6 26.Qd2 hxg3 27.fxg3 Rb5 28.a4 Rb3 29.Ra3
Rxa3 30.Bxa3 Ra8 31.a5 b6 32.axb6 Rxa3 33.b7 Rb3 34.Qa2 Nc3 35.Qf2 Qxf2+
36.Kxf2 Rb2+ {#R} 0-1

[Event "18th ch-EUR Indiv 2017"]
[Site "Minsk BLR"]
[Date "2017.06.06"]
[Round "7.53"]
[White "Sanikidze,T"]
[Black "Korobov,A"]
[Result "1-0"]
[WhiteElo "2518"]
[BlackElo "2688"]

1.d4 Nf6 2.c4 e6 3.Nf3 b6 4.a3 Ba6 5.Qb3 Be7 6.Nc3 Bb7 7.Bf4 O-O 8.Rd1 d5 9.e3
Nbd7 10.cxd5 Nxd5 11.Nxd5 exd5 12.Be2 c5 13.dxc5 Nxc5 14.Qc2 Rc8 15.Be5 Nd7
16.Bc3 Bf6 17.Nd4 Nc5 18.Bg4 Ba6 19.Bxc8 Qxc8 20.f3 Re8 21.Kf2 Bh4+ 22.g3 Bg5
23.Rhe1 Qh3 24.Kg1 Bxe3+ 25.Kh1 Re5 26.Nf5 Rxf5 27.Rxe3 f6 28.Bb4 h5 29.Bxc5
bxc5 30.Qxc5 h4 31.g4 Re5 32.Kg1 Rxe3 33.Qxe3 Kh7 34.Qf2 {#r} 1-0

[Event "12th American Continental"]
[Site "Medellin COL"]
[Date "2017.06.11"]
[Round "2.32"]
[White "Barrientos,S"]
[Black "Castaneda,J"]
[Result "1-0"]
[WhiteElo "2463"]
[BlackElo "2195"]

1.d4 Nf6 2.Nf3 e6 3.c4 b6 4.a3 Bb7 5.Nc3 d5 6.cxd5 Nxd5 7.e3 Be7 8.Bb5+ c6
9.Bd3 O-O 10.h4 f5 11.e4 fxe4 12.Nxe4 Nf6 13.Bg5 Nxe4 14.Bxe4 Bxg5 15.hxg5 g6
16.Qe2 Qd6 17.g3 Rf7 18.Ne5 Rg7 19.Bc2 b5 20.Bb3 Na6 21.Ng4 Nc7 22.Qf3 Qxd4
23.Rd1 {#r} 1-0

[Event "10th Mayors Cup Open 2017"]
[Site "Mumbai IND"]
[Date "2017.06.07"]
[Round "5.5"]
[White "Abdulla,AlR"]
[Black "Sangma,R"]
[Result "1-0"]
[WhiteElo "2503"]
[BlackElo "2337"]

1.d4 Nf6 2.Nf3 e6 3.c4 b6 4.Nc3 Ba6 5.e4 d5 6.cxd5 Bxf1 7.Kxf1 exd5 8.exd5
Nxd5 9.Qa4+ c6 10.Bg5 f6 11.Re1+ Be7 12.Bd2 Nxc3 13.bxc3 b5 14.Qb3 a5 15.g3
Qd5 16.Qxd5 cxd5 17.Rb1 b4 18.cxb4 axb4 19.Bxb4 Rxa2 20.Kg2 Re2 21.Rhc1 O-O
22.Ba5 f5 23.Rb5 g5 24.Rxd5 g4 25.Ne5 Ra2 26.Nd3 Bg5 27.Rcc5 h6 28.Nf4 Bxf4
29.gxf4 Kg7 30.Bc7 Ra7 31.Bd6 Re8 32.Re5 Rd8 33.Re6 Rf7 34.Be5+ Kh7 35.Rb5 Nd7
36.Rd5 Nf8 37.Rxh6+ Kxh6 38.Rxd8 Nd7 39.f3 gxf3+ 40.Kxf3 Rh7 41.Rg8 Rf7 42.h4
Nf6 43.Rd8 Ne4 44.Rh8+ Rh7 45.Rxh7+ Kxh7 46.d5 Kg6 47.Ke3 Nc5 48.Kd4 Nd7 49.d6
Kf7 50.Kd5 {#r} 1-0

[Event "CHN Team Men 2017"]
[Site "Beijing CHN"]
[Date "2017.06.07"]
[Round "2.4"]
[White "Li,Di"]
[Black "Ma,Zhonghan"]
[Result "0-1"]
[WhiteElo "2474"]
[BlackElo "2458"]
[EventType "team"]

1.d4 Nf6 2.c4 e6 3.Nf3 b6 4.Nc3 Bb7 5.e3 d5 6.cxd5 exd5 7.Bd3 Bd6 8.Qa4+ Nbd7
9.Ne5 O-O 10.f4 a6 11.Bf5 b5 12.Qc2 g6 13.Bh3 c5 14.O-O c4 15.a3 Nb6 16.Bd2
Qe7 17.Rae1 Ne4 18.Nxe4 dxe4 19.Ba5 Nd5 20.Nd7 Rfd8 21.f5 f6 22.fxg6 hxg6
23.b3 c3 24.b4 f5 25.Nc5 Bc6 26.g4 Qh4 27.Qg2 Kh8 28.Kh1 f4 29.g5 Nxe3 30.Rxe3
fxe3 31.d5 Bxd5 32.Rd1 e2 33.Qxe2 Qxh3 34.Rxd5 Qf3+ {#R} 0-1

[Event "18th ch-EUR Indiv 2017"]
[Site "Minsk BLR"]
[Date "2017.06.06"]
[Round "7.16"]
[White "Mikaelyan,A"]
[Black "Zhigalko,S"]
[Result "1-0"]
[WhiteElo "2444"]
[BlackElo "2643"]

1.d4 Nf6 2.c4 e6 3.Nf3 b6 4.g3 Ba6 5.b3 Bb4+ 6.Bd2 Be7 7.Nc3 O-O 8.Bg2 c6 9.e4
d5 10.exd5 cxd5 11.Ne5 Bb7 12.O-O Nc6 13.Bf4 Rc8 14.Rc1 Bb4 15.Nb5 Nxe5
16.dxe5 Ne4 17.Qg4 f5 18.exf6 Qxf6 19.Bh3 Rfe8 20.Nc7 Rxc7 21.Bxc7 Bc5 22.Rc2
d4 23.Re2 Ng5 24.Bg2 Nf3+ 25.Kh1 d3 26.Re4 Bxe4 27.Qxe4 Nd2 28.Qc6 Rf8 29.Rd1
Qxf2 30.Qxe6+ Kh8 31.Qe1 Be3 32.Bd6 Rf6 {#r} 1-0

[Event "12th American Continental"]
[Site "Medellin COL"]
[Date "2017.06.10"]
[Round "1.32"]
[White "Gallego,Julian Andres"]
[Black "Barrientos,S"]
[Result "0-1"]
[WhiteElo "2027"]
[BlackElo "2463"]

1.d4 Nf6 2.c4 e6 3.Nf3 b6 4.g3 Ba6 5.b3 d5 6.Bg2 Bb4+ 7.Bd2 Be7 8.O-O O-O
9.Bc3 Nbd7 10.Nbd2 c5 11.Re1 Rc8 12.Rc1 cxd4 13.Bxd4 Ba3 14.Rc2 dxc4 15.Nxc4
Bb4 16.Ncd2 Qe7 17.a3 Bxa3 18.Ra2 Rc1 19.Qxc1 Bxc1 20.Rxc1 {#R} 0-1

[Event "44th OKU 2017"]
[Site "Utrecht NED"]
[Date "2017.06.11"]
[Round "5.2"]
[White "Peng Zhaoqin"]
[Black "Horvath,Cs1"]
[Result "0-1"]
[WhiteElo "2386"]
[BlackElo "2503"]

1.d4 Nf6 2.c4 e6 3.Nf3 b6 4.g3 c6 5.Bg2 Be7 6.O-O d5 7.b3 O-O 8.Bb2 Nbd7
9.Nbd2 Bb7 10.Rc1 c5 11.e3 Rc8 12.Qe2 dxc4 13.bxc4 Rc7 14.Rfd1 Qa8 15.Ne1 Rfc8
16.Qd3 cxd4 17.exd4 Bb4 18.Bc3 Bxc3 19.Rxc3 e5 20.dxe5 Nxe5 21.Qd6 Bxg2
22.Nxg2 Rc5 23.Qd4 Rd8 24.Qe3 Ne4 {#R} 0-1

[Event "9th Capo d'Orso Open 2017"]
[Site "Porto Mannu Palau ITA"]
[Date "2017.06.07"]
[Round "6.5"]
[White "Brunello,S"]
[Black "Bayer,Be"]
[Result "1-0"]
[WhiteElo "2578"]
[BlackElo "2421"]

1.d4 Nf6 2.c4 e6 3.Nf3 b6 4.g3 Ba6 5.b3 Bb4+ 6.Bd2 Be7 7.Bg2 Bb7 8.O-O O-O
9.Nc3 d5 10.cxd5 exd5 11.Rc1 Nbd7 12.Qc2 a6 13.Rfd1 Re8 14.Qb1 Bd6 15.Nh4 Rc8
16.Nf5 Bf8 17.Rc2 b5 18.e3 g6 19.Nh4 Bd6 20.Nf3 Qe7 21.Ne2 Ne4 22.Bc1 Ndf6
23.Nf4 c5 24.dxc5 Rxc5 25.Bb2 Rxc2 26.Qxc2 Rc8 27.Qd3 Ba3 28.Ba1 Qc7 29.Nd2
Qc2 30.Nxe4 Nxe4 31.Bxe4 dxe4 32.Qxc2 Rxc2 33.Rd8+ Bf8 34.Bf6 Rc8 35.Rd7 Bc6
36.Ra7 b4 37.Kg2 Bb5 38.Nd5 Rc1 39.g4 Rd1 40.Bd4 Bf1+ 41.Kg3 Bd6+ 42.Kh4 f5
43.Nf6+ Kf8 44.Nxh7+ Ke8 45.Nf6+ Kf8 46.Kg5 {#r} 1-0

[Event "CHN Team Men 2017"]
[Site "Beijing CHN"]
[Date "2017.06.12"]
[Round "7.2"]
[White "Xiu Deshun"]
[Black "Liu Guanchu"]
[Result "0-1"]
[WhiteElo "2554"]
[BlackElo "2453"]
[EventType "team"]

1.d4 e6 2.Nf3 Nf6 3.c4 b6 4.g3 Ba6 5.Qc2 c5 6.d5 exd5 7.cxd5 Bb7 8.Bg2 Nxd5
9.O-O Be7 10.Rd1 Nc6 11.Qf5 Nf6 12.e4 g6 13.Qf4 O-O 14.Nc3 d6 15.e5 Nxe5
16.Nxe5 Bxg2 17.Kxg2 dxe5 18.Qxe5 Qe8 19.Qc7 Rc8 20.Qxa7 Qc6+ 21.f3 Rfe8
22.Qa6 c4 23.Be3 Bb4 24.Bf2 Bxc3 25.bxc3 Nd5 26.Rd4 Ne3+ 27.Bxe3 Rxe3 28.Rf1
Rxc3 29.Rf2 Re8 30.Rf4 Ra8 31.Rf6 Qxf6 32.Qxa8+ Kg7 33.Re2 Rd3 34.h4 h5 35.Qe4
b5 36.Rc2 Qd4 37.Qxd4+ Rxd4 38.Rb2 Rd5 39.Kf2 Kf6 40.Re2 Re5 41.Rd2 Ke6 42.Rd8
Rd5 43.Rb8 Kd6 44.Rf8 c3 45.Ke3 Rc5 46.Rd8+ Ke5 47.Rd1 c2 48.Rc1 Rc3+ 49.Ke2
Kd4 50.g4 f5 51.gxh5 gxh5 52.f4 Ke4 53.Kd2 Rc5 {#R} 0-1

[Event "CHN Team Men 2017"]
[Site "Beijing CHN"]
[Date "2017.06.08"]
[Round "3.2"]
[White "Xiang,Zeyu"]
[Black "Chen Peng"]
[Result "1-0"]
[WhiteElo "2402"]
[BlackElo "2311"]
[EventType "team"]

1.d4 Nf6 2.c4 e6 3.Nf3 b6 4.g3 Bb7 5.Bg2 Bb4+ 6.Bd2 Be7 7.Nc3 c6 8.O-O d5
9.Qb3 O-O 10.Rfd1 Nbd7 11.Rac1 h6 12.Bf4 a5 13.Ne5 Nxe5 14.dxe5 Nd7 15.cxd5
cxd5 16.e4 Nc5 17.Qc2 d4 18.Nb5 d3 19.Qd2 Bxe4 20.Bxe4 Nxe4 21.Qxd3 Qxd3
22.Rxd3 Rac8 23.Rd4 Rxc1+ 24.Bxc1 Rd8 25.Rxd8+ Bxd8 26.Be3 f6 27.f3 Ng5 28.Kf2
fxe5 29.Nd6 Nf7 30.Nxf7 Kxf7 31.Ke2 Ke7 32.Kd3 Kd6 33.Ke4 b5 34.h4 Bc7 35.h5
Ke7 36.b3 Kd6 37.Bd2 b4 38.Be3 Ke7 39.g4 Kf6 40.Kd3 Bd8 41.Ke4 Bc7 42.Bc1 Bd6
43.Bb2 Bc7 44.a3 bxa3 45.Bxa3 Bb8 46.Bb2 Bd6 47.Bc3 Bc7 48.f4 g6 49.fxe5+ Kg7
50.Kd4 g5 51.Kc5 Kf7 52.Kc6 Bd8 53.Bd4 Be7 54.Bc5 Bd8 55.Kd7 {#r} 1-0

[Event "CHN Team Men 2017"]
[Site "Beijing CHN"]
[Date "2017.06.07"]
[Round "2.1"]
[White "Ma Qun"]
[Black "Zhao Jun"]
[Result "1-0"]
[WhiteElo "2637"]
[BlackElo "2624"]
[EventType "team"]

1.d4 Nf6 2.c4 e6 3.Nf3 b6 4.g3 Bb7 5.Bg2 Be7 6.O-O O-O 7.Re1 c5 8.d5 exd5
9.Nh4 Ne4 10.cxd5 Bxh4 11.Bxe4 Bf6 12.Nc3 d6 13.Bf4 Qe7 14.Qc2 h6 15.Bh7+ Kh8
16.Bf5 Nd7 17.Ne4 Be5 18.Bxe5 Nxe5 19.f4 Nd7 20.Rad1 b5 21.Nf2 Nb6 22.e4 Bc8
23.e5 Bxf5 24.Qxf5 Rad8 25.e6 fxe6 26.Qxe6 Qd7 27.Ne4 Rfe8 28.Qg6 Rf8 29.h4
Nc8 30.Nf2 Ne7 31.Qe6 Nf5 32.Qxd7 Rxd7 33.Kg2 Kg8 34.h5 Nd4 35.Re4 a5 36.g4
Kf7 37.f5 Rdd8 38.Rde1 Rfe8 39.Kg3 a4 40.a3 Rxe4 41.Nxe4 Nc2 42.Re2 Nd4 43.Rf2
b4 44.f6 g5 45.hxg6+ Kxg6 46.f7 Rf8 47.Nxd6 b3 48.Kf4 Kf6 49.Ke4+ Ke7 50.Nf5+
Nxf5 51.Rxf5 Rxf7 52.d6+ {#r} 1-0

[Event "10th Mayors Cup Open 2017"]
[Site "Mumbai IND"]
[Date "2017.06.07"]
[Round "5.10"]
[White "Aditya,Mittal"]
[Black "Grover,S"]
[Result "0-1"]
[WhiteElo "2211"]
[BlackElo "2478"]

1.d4 Nf6 2.c4 e6 3.Nc3 Bb4 4.f3 c5 5.d5 b5 6.e4 O-O 7.e5 Ne8 8.f4 exd5 9.cxd5
d6 10.Nf3 c4 11.a4 Nd7 12.Be2 Qb6 13.axb5 dxe5 14.fxe5 Nc7 15.Qd4 Qxd4 16.Nxd4
Nxd5 17.Bd2 Bxc3 18.bxc3 Nxe5 19.O-O Bb7 20.Nc6 Nxc6 21.bxc6 Bxc6 22.Bxc4 Rfd8
23.Bg5 Rd7 24.Rad1 f6 25.Be3 Kh8 26.Bxd5 Rxd5 27.Rxd5 Bxd5 28.Rf5 Be6 29.Ra5
a6 30.Kf2 Kg8 31.Bd4 Kf7 32.Ke3 Ke7 33.Kd3 Kd7 34.c4 Rc8 35.Rc5 Rc6 36.Rxc6
Kxc6 37.Bb2 Kd6 38.Kd4 Bg4 39.Ba3+ Kd7 40.Bf8 g5 41.Bb4 Be2 42.h4 gxh4 43.Be1
h3 44.gxh3 Ke6 45.h4 h5 46.c5 Bf3 47.Ke3 Bg4 48.Kd4 Kf5 49.c6 Bf3 50.Kc5 Kf4
51.Kd6 f5 52.Kd7 Ke3 53.Ke6 f4 54.c7 Bg4+ 55.Kf6 Ke2 56.Kg5 Kxe1 57.Kxf4 a5
58.Ke3 a4 59.Kd3 Kf2 {#R} 0-1

[Event "CHN Team Men 2017"]
[Site "Beijing CHN"]
[Date "2017.06.08"]
[Round "3.1"]
[White "Li Chao2"]
[Black "Xu Jun"]
[Result "1-0"]
[WhiteElo "2720"]
[BlackElo "2514"]
[EventType "team"]

1.d4 Nf6 2.c4 e6 3.Nc3 Bb4 4.f3 d5 5.a3 Bxc3+ 6.bxc3 c5 7.cxd5 exd5 8.e3 O-O
9.Bd3 b6 10.Ra2 Ba6 11.Nh3 Bxd3 12.Qxd3 Nc6 13.O-O Rc8 14.Re2 Qd7 15.Bd2 Rfe8
16.Be1 h6 17.Kh1 Nh7 18.Nf4 Nf6 19.g4 cxd4 20.cxd4 Nd8 21.Rg2 Ne6 22.Ne2 Qa4
23.h4 Qc2 24.Qf5 Nf8 25.e4 dxe4 26.g5 hxg5 27.hxg5 exf3 28.Qxf3 N6h7 29.Qxf7+
Kh8 30.Qh5 g6 31.Qh2 Kg8 32.Bg3 Qe4 33.Be5 Rc2 34.Rf4 Qd3 35.Rff2 Qe4 36.Qh3
Rb2 37.Ng3 Qe1+ 38.Rf1 Qc3 39.Rxf8+ Rxf8 40.Qe6+ Rf7 41.Qxg6+ Kf8 42.Bd6+ {#r}
1-0

[Event "10th Mayors Cup Open 2017"]
[Site "Mumbai IND"]
[Date "2017.06.08"]
[Round "7.33"]
[White "Aditya,Mittal"]
[Black "Barath,Kalyan M"]
[Result "1-0"]
[WhiteElo "2211"]
[BlackElo "2024"]

1.d4 Nf6 2.c4 e6 3.Nc3 Bb4 4.a3 Bxc3+ 5.bxc3 O-O 6.f3 d6 7.e4 Nc6 8.Bd3 e5
9.Ne2 b6 10.O-O Ba6 11.Bg5 Na5 12.f4 h6 13.fxe5 hxg5 14.exf6 Bxc4 15.Ng3 gxf6
16.Bxc4 Nxc4 17.Nf5 d5 18.Qh5 Nd6 19.e5 fxe5 20.dxe5 Nxf5 21.Rxf5 f6 22.Qg6+
Kh8 23.Rf3 Qd7 24.Rh3+ Qxh3 25.gxh3 fxe5 26.Qh6+ Kg8 27.Qxg5+ Kh7 28.Kh1 Rg8
29.Qh5+ Kg7 30.Rg1+ Kf8 31.Rf1+ Ke7 32.Qxe5+ Kd7 33.Qxd5+ Ke7 34.Rf7+ Ke8
35.Qd7# 1-0

[Event "CHN Team Men 2017"]
[Site "Beijing CHN"]
[Date "2017.06.12"]
[Round "7.3"]
[White "Liu,Zhaoqi"]
[Black "Shen,Chenyi"]
[Result "1-0"]
[WhiteElo "2151"]
[BlackElo "2039"]
[EventType "team"]

1.c4 Nf6 2.Nc3 e6 3.d4 Bb4 4.e3 O-O 5.a3 Bxc3+ 6.bxc3 c5 7.Bd3 Nc6 8.Ne2 d5
9.O-O dxc4 10.Bxc4 Qc7 11.Bb2 b6 12.Bd3 Re8 13.f4 c4 14.Bc2 Ng4 15.Bc1 f5
16.Ng3 Ne7 17.e4 Bb7 18.a4 g6 19.Qe2 Nf6 20.Ba3 Qc6 21.Rfe1 Rac8 22.Rab1 Kf7
23.Rb5 Rc7 24.Re5 Nc8 25.d5 exd5 26.exf5 Ne4 27.Qg4 Ncd6 28.fxg6+ hxg6 29.Rxe8
Nxe8 30.Bxe4 dxe4 31.Nxe4 Qxe4 32.Rxe4 Bxe4 33.Qe2 Bb7 34.g4 Nf6 35.g5 Ne4
36.h4 Rd7 37.h5 Rd2 38.Qxc4+ Bd5 39.Qc7+ Ke6 40.Qc8+ Kf7 41.Qd7+ Kg8 42.Qe8+
{#r} 1-0